| 000 | 00693nam a2200217Ia 4500 | ||
|---|---|---|---|
| 003 | OSt | ||
| 005 | 20230429101540.0 | ||
| 008 | 210423s2018 xx 000 0 und d | ||
| 020 | _a978-93-87879-88-8 | ||
| 040 | _cAL | ||
| 041 | _aeng | ||
| 082 |
_a370.02 _223 _bJAYE |
||
| 100 |
_aJAYANNA (C V); SHIVARUDRAIAH (M S); RAMAKRISHNA (B K) _994949 |
||
| 245 | _aEligibility test for lectureship K-SET SLET JRF NET UGC examinations paper1 | ||
| 260 |
_aBangalore _bSapna Book House _c2018 |
||
| 300 |
_a591 _bPB |
||
| 365 |
_b440 _cINR |
||
| 650 |
_aEducation _994950 |
||
| 906 | _aEligibility ; examinations ; JRF ; K-SET ; lectureship ; NET ; paper1 ; SLET ; test ; UGC | ||
| 942 |
_2ddc _cBK |
||
| 999 |
_c170416 _d170416 |
||